Statistische Methoden für die Zuverlässigkeitsanalyse

Gespeichert in:
Bibliographische Detailangaben
1. Verfasser: Härtler, Gisela
Format: Buch
Sprache:Deutsch
Veröffentlicht: Berlin Akademie 1983
Tags: Tag hinzufügen
Keine Tags, Fügen Sie das erste Tag hinzu!

MARC

LEADER 00000nam a2200000 4500
001 c135109
005 20041019155303.3
041 0 |a ger 
044 |a DE 
245 1 0 |a Statistische Methoden für die Zuverlässigkeitsanalyse  |c Gisela Härtler 
264 1 |a Berlin  |b Akademie  |c 1983 
300 |a 230 s. 
100 1 |a Härtler, Gisela